000 00826nam a2200241 a 4500
001 000036616
005 20200930075830.0
008 120123s1984 sp ac 000 0 spa d
020 _z8434581489
040 _aDO-SdBNP
_bspa
_cBNPHU
082 _axxx
_bxxx
100 1 _aMaurois, André,
_d1885-1967.
_96319
240 1 0 _aNapoleón
_leng
245 1 0 _aNapoleón /
_cAnré Maurois ; prólogo, Carmen Llorca.
260 _aBarcelona :
_bSalvat,
_c1984.
300 _a189 p. :
_bil., retrs., mapas ;
_c20 cm.
490 1 _aBiblioteca Salvat de grandes biografías
_v1
504 _aBibliografía : p. 189
600 0 4 _aNAPOLEÓN
_cIMPERADOR DE FRANCIA
_d1769-1821.
_962903
700 1 2 _aLlorca, Carmen
_eprol.
_962904
830 0 _aBiblioteca Salvat de grandes biografías
_n1
_962905
910 _aValidado. Control de calidad MFF
999 _c36107
_d36107